Gaya keibubapaan ibu bapa dan strategi daya tindak remaja dalam keluarga miskin /
Saved in:
| Main Author: | |
|---|---|
| Format: | Thesis Book |
| Language: | Malay |
| Published: |
2011.
|
| Subjects: | |
| Tags: |
Add Tag
No Tags, Be the first to tag this record!
|
| LEADER | 01041cam a2200277 a 4500 | ||
|---|---|---|---|
| 001 | u854893 | ||
| 003 | SIRSI | ||
| 005 | 201204161502 | ||
| 008 | 120416s2011 my a t 000 0 may m | ||
| 040 | |a UMM | ||
| 043 | |a a-my--- | ||
| 090 | |a GN6 |b UMP 2011 Zais | ||
| 100 | 0 | |a Zaitol Salleh. | |
| 245 | 1 | 0 | |a Gaya keibubapaan ibu bapa dan strategi daya tindak remaja dalam keluarga miskin / |c Zaitol binti Salleh. |
| 260 | |c 2011. | ||
| 300 | |a xi, 279 [8] leaves : |b ill. ; |c 30 cm. | ||
| 502 | |a Thesis (Ph.D) -- Jabatan Antropologi dan Sosiologi, Fakulti Sastera dan Sains Sosial, Universiti Malaya, 2011. | ||
| 504 | |a Bibliography: leaves 243-260. | ||
| 650 | 0 | |a Parenting |z Malaysia. | |
| 650 | 0 | |a Parental influences. | |
| 650 | 0 | |a Parent and child. | |
| 650 | 0 | |a Poor families |z Malaysia |x Social conditions. | |
| 710 | 2 | |a Universiti Malaya. |b Jabatan Antropologi dan Sosiologi. | |
| 900 | |a NHS-ZA | ||
| 596 | |a 1 | ||
| 999 | |a GN6 UMP 2011 ZAIS |w LC |c 1 |i A514964119 |d 24/10/2018 |e 24/10/2018 |f 1/11/2012 |g 1 |l STACKS |m P01UTAMA |n 17 |r Y |s Y |t TESIS |u 1/11/2012 | ||
